000 00851nam a22002771 4500
001 18457
003 BD-RjUL
005 20211209000304.0
008 140220s1961 nyn b 001 0 eng
035 _a(BD-RjUL)18515
035 _a(OCoLC)873390
040 _aDLC
_cOClU
_dBD-RjUL
_beng
041 _aeng
082 _a181.4
_bGOI 1961
100 1 _aGokhale, Balkrishna Govind.
_956871
245 1 0 _aIndian thought through the ages :
_ba study of some dominant concepts /
_cBalkrishna Govind Gokhale
260 _aNew York :
_bAsia Pub. House,
_cc1961.
300 _aix, 236 p. ;
_c23 cm.
504 _aIncludes bibliographical reference and index.
650 0 _aHindu philosophy
_95119
650 0 _aHindu civilization
_956872
650 0 _aReligious thought
_zIndia
_956873
942 _2ddc
_cBK
999 _c18457
_d18457